The proceedings of the ... , held in February 1966, Kuala Lumpur

Bibliographic Details
Corporate Author: MALAYSIAN Soil Conference
Other Authors: Law, Ng, Wong
Format: Book
Published: Kuala Lumpur : Ministry of Agriculture & Co-operatives , 1966
Subjects:

MARC

LEADER 00000cam a2200000 7i4500
001 0000001697
005 20011025.0
090 0 0 |a 631.4   |b MAL 1966 
110 1 0 |a MALAYSIAN Soil Conference  |i 2nd   |k 1966   |j Kuala Lumpur 
245 1 4 |a The proceedings of the ... , held in February 1966, Kuala Lumpur   |c edited by Ng Siew Kee, Ignatius Wong Fen Thau, Law Wei Min 
260 0 0 |a Kuala Lumpur :   |b Ministry of Agriculture & Co-operatives ,   |c 1966 
300 |a 229 p. :   |b ill., maps ;   |c 34 cm. 
650 0 0 |a Soils   |x Congresses 
700 0 1 |a Law   |h Wei Min 
700 0 1 |a Ng   |h Siew Kee 
700 0 1 |a Wong   |h Ignatius Fen Thau 
998 |a JPSM 
999 |a 0000002623   |b Monograph   |c Open Shelf   |e Default branch